| 000 | 00523nam a22001937a 4500 | ||
|---|---|---|---|
| 003 | KOHA_MİRAKIL | ||
| 005 | 20250929113648.0 | ||
| 008 | 250929b tu ||||| |||| 00| 0 tur d | ||
| 020 | _a9786057501899 | ||
| 040 |
_aTR-AnABB _btur _cTR-AnABB |
||
| 041 | _atur | ||
| 082 |
_a814.42 _bOZB 2018 |
||
| 100 | 1 | _aÖzbay, Hüseyin, | |
| 245 | 1 | 0 |
_aİçlenmeler / _cHüseyin Özbay |
| 260 |
_aAnkara : _bKurgan Edebiyat, _c2018 |
||
| 300 |
_a254 sayfa ; _c21 cm |
||
| 650 | 0 | 4 | _aTürk edebiyatı, roman |
| 942 |
_2ddc _cBK |
||
| 999 |
_c8958 _d8958 |
||
| 900 | _bGizem YORULMAZ | ||